ბათუმის შოთა რუსთაველის სახელმწიფო უნივერსიტეტის ბიბლიოთეკა

საქართველოში შამპანური ჯიშის ვაზების გავრცელების ზონები და საბჭოთა შამპანურის წარმოება (ბიბ.ჩანაწერი № 44579)

000 -LEADER
fixed length control field 01095nam a2200217Ia 4500
001 - CONTROL NUMBER
control field 11382
003 - CONTROL NUMBER IDENTIFIER
control field GE_BSU
008 - FIXED-LENGTH DATA ELEMENTS--GENERAL INFORMATION
fixed length control field 181216s||||||||xx |||||||||||||| ||und||
040 ## - CATALOGING SOURCE
Transcribing agency GE_BSU
080 ## - UNIVERSAL DECIMAL CLASSIFICATION NUMBER
Universal Decimal Classification number 634.8(479.22)
100 ## - MAIN ENTRY--PERSONAL NAME
Personal name ჟღენტი ნ.მ.
245 ## - TITLE STATEMENT
Title საქართველოში შამპანური ჯიშის ვაზების გავრცელების ზონები და საბჭოთა შამპანურის წარმოება
245 ## - TITLE STATEMENT
Statement of responsibility, etc. რედ: შ. კაპანაძე, მხატვ: ზ. ხარაბაძე
260 ## - PUBLICATION, DISTRIBUTION, ETC.
Place of publication, distribution, etc. თბილისი.
260 ## - PUBLICATION, DISTRIBUTION, ETC.
Name of publisher, distributor, etc. საბჭოთა საქართველო.
260 ## - PUBLICATION, DISTRIBUTION, ETC.
Date of publication, distribution, etc. 1964
300 ## - PHYSICAL DESCRIPTION
Extent 108გვ.20სმ.
300 ## - PHYSICAL DESCRIPTION
Accompanying material ილ. ცხრილები
653 ## - INDEX TERM--UNCONTROLLED
Uncontrolled term საქართველოში შამპანური ჯიშის ვაზების გავრცელების ზონები და საბჭოთა შამპანურის წარმოება
942 ## - ADDED ENTRY ELEMENTS (KOHA)
Koha item type წიგნი
ეგზემპლარები
Withdrawn status Lost status Damaged status Not for loan Date acquired Barcode Date last seen Price effective from Koha item type
        2018-12-17 19977 2018-12-17 2018-12-17 წიგნი
        2018-12-17 19978 2018-12-17 2018-12-17 წიგნი